| 000 | 00855nam a22001695i 4500 | ||
|---|---|---|---|
| 001 | 171304 | ||
| 003 | ES-MaACL | ||
| 005 | 20250616063044.0 | ||
| 008 | 090508s1876 sp |||| | spa d | ||
| 100 | 0 |
_aFrontaura, Carlos, _d1834-1910 _952739 |
|
| 245 | 1 | 0 |
_aPepe Carranza _b: comedia en tres actos original / _cde Carlos Frontaura. |
| 260 |
_aMadrid : _b[s.n.], _c1876 ( _fImp. y esterotipia de Aribau y C.ª) |
||
| 300 |
_a90 p. ; _c18 cm. |
||
| 500 | _aEn port.: Representado por primera vez en Madrid, en el teatro de la Comedia, en 23 de noviembre de 1876. | ||
| 852 |
_aES-MaACL _jF-8600(1) _z.- Enc. pasta española _q.- Falto de la cub. original _z.- Enc. en un vol. facticio formando parte de la col. facticia "Teatro español moderno", vol. 53 _z.- Firma manuscrita "Legado Gustavo Saenz Diez", en anteport. |
||
| 999 |
_c171304 _d171304 |
||